|
|
|
|
| LEADER |
00942nnm a2200277 i 4500 |
| 001 |
eta149 |
| 005 |
20181010143034.0 |
| 008 |
180515s2006 hu o 0|| hun d |
| 020 |
|
|
|a 963-9704-63-6; 963-9724-05-X
|
| 040 |
|
|
|a SZTE Elektronikus Tananyag Archívum
|b hun
|
| 041 |
|
|
|a hun
|
| 100 |
1 |
|
|a Bábosik István
|
| 245 |
1 |
3 |
|a Az iskolák belső világa
|h [elektronikus dokumentum] /
|c Bábosik István
|
| 260 |
|
|
|a Bölcsész Konzorcium
|b Budapest
|c 2006
|
| 300 |
|
|
|a 116
|
| 516 |
|
|
|a Book
|
| 650 |
|
4 |
|a Társadalomtudományok
|
| 650 |
|
4 |
|a Oktatástudomány
|
| 650 |
|
4 |
|a Általános oktatás (benne képzés, pedagógia, didaktika)
|
| 700 |
0 |
1 |
|a Golnhofer Erzsébet
|e aut
|
| 700 |
0 |
1 |
|a Hegedűs Judit
|e aut
|
| 700 |
0 |
1 |
|a Hunyady Györgyné
|e aut
|
| 700 |
0 |
1 |
|a Nádasi Mária
|e aut
|
| 700 |
0 |
1 |
|a Ollé János
|e aut
|
| 700 |
0 |
1 |
|a Szivák Judit
|e aut
|
| 856 |
4 |
0 |
|u https://eta.bibl.u-szeged.hu/149/1/az_iskolak_belso_vilaga.pdf
|z Dokumentum-elérés
|